| 000 | 01000nam a2200265 u 4500 | ||
|---|---|---|---|
| 001 | 000046606 | ||
| 005 | 20250701132842.0 | ||
| 008 | 170125s2007 mx r 001 0 eng d | ||
| 020 | _a97897077092287 | ||
| 040 |
_aDO-SdBNP _bspa _cBNPHU |
||
| 082 |
_a382.3 _bS855c |
||
| 100 | 1 |
_aStiglitz, Joseph E. _d1943- _974581 |
|
| 245 | 1 | 0 |
_aComercio justo para todos : _bcómo el comercio puede promover el desarrollo / _cJoseph E. Stglitz y Andrew Charlton ; traducción de Natalia Rodríguez Martín. |
| 260 |
_aMéxico : _bSantillana, _c2007. |
||
| 300 |
_a464 p. : _bil., gráf. ; _c25 cm. |
||
| 490 | 1 | _aPensamiento (Taurus) | |
| 500 | _aIncluye índice | ||
| 504 | _aBibliografía: p. 412-436 | ||
| 650 | 0 |
_aComercio internacional _910367 |
|
| 650 | 0 |
_aDesarrollo económico _985548 |
|
| 651 | 4 |
_aPaíses En Desarrollo _xPolítica Comercial _974600 |
|
| 651 | 4 |
_aPaíses En Desarrollo _xComercio _974601 |
|
| 700 | 1 | 2 |
_aRodríguez Martín, Natalia _etr. _974602 |
| 830 | 0 |
_aPensamiento (Taurus) _974603 |
|
| 999 |
_c46095 _d46095 |
||